| 000 | 00454nam a2200169Ia 4500 | ||
|---|---|---|---|
| 008 | 230711s9999||||xx |||||||||||||| ||und|| | ||
| 020 | _a978-81-7409-248-9 | ||
| 041 | _aENG | ||
| 082 |
_a518 _bGR-N |
||
| 100 | _aGrewal,B.S | ||
| 245 | 0 | _aNumerical methods in engineering and science with programs in c and c++ | |
| 250 | _a9th . Ed. | ||
| 260 |
_c2010 _aNew Delhi _bKhanna Publishers |
||
| 300 | _a676 | ||
| 650 | _aComputer Engineering | ||
| 942 | _cBK | ||
| 999 |
_c4141 _d4141 |
||